[Event "elllobregat Open-A 2019"]
[Site "El Prat de Llobregat"]
[Date "2019.12.08"]
[Round "6.10"]
[White "Arizmendi Martinez, Julen Luis"]
[Black "Kjartansson, Gudmundur"]
[Result "0-1"]
[WhiteElo "2511"]
[BlackElo "2448"]
[Annotator "ChessBase"]
[PlyCount "76"]
[EventDate "2019.12.03"]
[EventType "swiss"]
[EventCountry "ESP"]
[SourceTitle "playchess.com"]
[Source "ChessBase"]
[SourceQuality "1"]
[TimeControl "40/5400+30:1800+30"]

1. d4 d5 {[%emt 0:00:00]} 2. c4 {[%emt 0:03:20]} e6 {[%emt 0:00:00]} 3. Nf3 Nf6 {[%emt 0:00:12]} 4. Nc3 {[%emt 0:01:06]} c6 {[%emt 0:01:04]} 5. e3 {[%emt 0:00:22]} Nbd7 {[%emt 0:00:21]} 6. Bd3 {[%emt 0:00:27]} dxc4 {[%emt 0:00:08]} 7. Bxc4 {[%emt 0:00:05]} b5 {[%emt 0:00:03]} 8. Bd3 {[%emt 0:00:06]} Bb7 {[%emt 0:02:19]} 9. e4 {[%emt 0:05:58]} b4 {[%emt 0:01:40]} 10. Na4 {[%emt 0:04:25]} c5 {[%emt 0:00:38]} 11. e5 {[%emt 0:00:09]} Nd5 {[%emt 0:00:51]} 12. O-O {[%emt 0:00:11]} cxd4 {[%emt 0:06:28]} 13. Re1 {[%emt 0:00:27]} Be7 {[%emt 0:01:07]} 14. Nxd4 {[%emt 0:05:46]} O-O {[%emt 0:20:59]} 15. Qg4 {[%emt 0:23:18]} Re8 {[%emt 0:04:52]} 16. Bb5 {[%emt 0:25:55]} Kh8 {[%emt 0:38:33]} 17. Nc6 {[%emt 0:06:23]} Qc7 {[%emt 0:00:31]} 18. Nxe7 {[%emt 0:03:25]} Rxe7 {[%emt 0:00:21]} 19. Qe2 {[%emt 0:04:41]} a6 {[%emt 0:01:33]} 20. Bxd7 {[%emt 0:08:41]} Rxd7 {[%emt 0:00:04]} 21. Qg4 {[%emt 0:01:05]} Qc6 {[%emt 0:05:55]} 22. b3 {[%emt 0:00:07]} Nc3 {[%emt 0:02:19]} 23. Be3 {[%emt 0:01:13]} Nxa4 {[%emt 0:00:28]} 24. bxa4 a5 {[%emt 0:04:55]} 25. Rec1 {[%emt 0:01:14]} Qxa4 {[%emt 0:00:29]} 26. a3 {[%emt 0:00:26]} Rc8 {[%emt 0:03:08]} 27. Rcb1 {[%emt 0:03:33]} Qb5 {[%emt 0:01:45]} 28. axb4 {[%emt 0:00:05]} a4 {[%emt 0:00:53]} 29. Bc5 {[%emt 0:00:31]} Bd5 {[%emt 0:00:47]} 30. Rd1 {[%emt 0:00:37]} Bb3 {[%emt 0:00:50]} 31. Rd6 {[%emt 0:00:13]} Rb7 {[%emt 0:00:56]} 32. h3 {[%emt 0:01:11]} h6 {[%emt 0:00:51]} 33. Qd4 {[%emt 0:00:54]} Bd5 {[%emt 0:00:21]} 34. Ra3 {[%emt 0:00:13]} Bb3 {[%emt 0:00:18]} 35. Qe4 {[%emt 0:00:29]} Rbb8 {[%emt 0:01:08]} 36. Qf3 {[%emt 0:00:49]} Rxc5 {[%emt 0:00:39]} 37. bxc5 {[%emt 0:00:08]} Qxc5 {[%emt 0:00:05]} 38. Rxb3 axb3 {[%emt 0:00:20]} 0-1

[Event "elllobregat Open-A 2019"]
[Site "El Prat de Llobregat"]
[Date "2019.12.08"]
[Round "6.11"]
[White "Baenziger, Fabian"]
[Black "Del Rio De Angelis, Salvador G."]
[Result "0-1"]
[WhiteElo "2398"]
[BlackElo "2507"]
[Annotator "TA"]
[PlyCount "110"]
[EventDate "2019.12.03"]
[EventType "swiss"]
[EventCountry "ESP"]
[SourceTitle "playchess.com"]
[Source "ChessBase"]
[SourceQuality "1"]

{[%evp 11,110,16,37,23,20,10,22,15,18,35,40,47,45,27,34,0,0,0,0,0,0,0,0,0,0,0,0,0,0,0,0,0,0,0,0,-164,-164,-164,-164,-164,-166,-170,-170,-196,-144,-142,-131,-131,-131,-121,-121,-131,-124,-104,-95,-118,-104,-230,-193,-387,-338,-486,-486,-480,-467,-467,-467,-467,-413,-380,-379,-312,-298,-467,-239,-467,-467,-467,-350,-4984,-4573,-4142,-4022,-2793,-2474,-1976,-1976,-1697,-747,-747,-746,-5389,-5255,-29970,-29970,-29978,-29979,-29979,-29979,-29977,-29978]} 1. d4 e6 2. c4 Nf6 3. Nf3 d5 4. g3 Be7 5. Bg2 O-O 6. O-O Nc6 7. Nbd2 {E06: Closed Catalan: Early deviations} (7. b3 Ne4 8. Bb2 b6 9. Nc3 Bb7 10. e3 a5 11. Na4 f5 12. Ne1 Qe8 13. Nd3 Bf6 14. a3 Rd8 15. Qc2 {1-0 (41) Giri,A (2696)-Sokolov,I (2676) Amsterdam 2012}) 7... a5 8. b3 b6 9. Bb2 {The position is equal.} Bb7 10. a3 Ne4 11. Qc2 f5 12. e3 $146 ({Predecessor:} 12. Rad1 Qe8 13. Ne1 Bd6 14. Nd3 Qe7 15. Nb1 Rad8 16. e3 {0-1 (58) Regez,M (2204)-Schmidt Schaeffer,S (2313) Switzerland 2014}) 12... Bd6 13. Rac1 Qe7 14. Ne5 (14. cxd5 {seems wilder.} exd5 15. Ne5 Nxe5 16. dxe5 Bxa3 17. Bxa3 Qxa3 18. Qxc7 Ba6 19. Qd7) 14... Nxe5 15. dxe5 Bxa3 16. Bxa3 Qxa3 17. cxd5 exd5 18. Qxc7 Rf7 19. Qxb6 ({Don't play} 19. Qc2 Rc8 $17) 19... Nxd2 20. e6 $1 {[%cal Re6f7]} Re7 21. Rc7 Nxf1 22. Qxb7 $1 Rae8 $1 ({Much weaker is} 22... Rxc7 $6 23. Qxa8+ Qf8 24. Qxd5 $16) 23. Rxe7 $2 (23. Kxf1 $11 Qa1+ 24. Ke2 Qb2+ 25. Kf1) 23... Qxe7 $19 24. Qxe7 Rxe7 25. Kxf1 $11 {[%mdl 4096] Endgame KR-KB} Kf8 26. Bxd5 Rc7 27. Ke2 Rc5 (27... Rc2+ $19 28. Ke1 Ke7) 28. Bc4 $17 Ke7 {[%mdl 1024] Black has strong compensation.} 29. Kd3 Kd6 30. Kd4 Rc7 31. h4 Rc8 32. f3 Rc7 33. h5 Rc8 34. f4 (34. Kc3 $17 {was worth a try.}) 34... h6 $19 35. e4 $2 (35. Kc3 {might work better.}) 35... fxe4 36. g4 {[#]} (36. Kxe4 {was the only defense.} a4 37. Kd3) 36... e3 $1 {[%mdl 512]} 37. Kxe3 {[#]} a4 $1 {[%cal Ba5a4,Ba4a3,Ba3a2][%mdl 544] Threatens to win with ...a3.} 38. Kd3 {[#]} (38. bxa4 Rxc4) 38... a3 $1 {[%cal Ra3a2]} 39. Kc2 {Now Kb1 and White clings on.} Ra8 {White must now prevent ...a2.} 40. Kb1 {If only White now had time for Ka2....} a2+ 41. Ka1 Ra5 42. f5 (42. e7 $142 Kxe7 43. Be2) 42... Ke7 (42... Ra3 $142 43. b4 Ra4) 43. Bf1 $2 (43. Be2) 43... Ra3 44. Bc4 Kd6 45. e7 $2 (45. Be2 Rxb3 46. Kxa2) 45... Kxe7 46. Bg8 Kf6 47. Be6 Ra7 48. Bd5 Ke5 49. Bg8 Ra5 (49... Kd4 $142 50. Be6 Kc5) 50. Bf7 Kd4 51. Be6 Kc3 52. g5 hxg5 {Black mates.} 53. f6 gxf6 54. h6 Ra8 55. h7 Rh8 {Accuracy: White = 40%, Black = 83%.} 0-1

[Event "elllobregat Open-A 2019"]
[Site "El Prat de Llobregat"]
[Date "2019.12.08"]
[Round "6.12"]
[White "Girish, A. Koushik"]
[Black "Bryakin, Mikhail"]
[Result "1/2-1/2"]
[WhiteElo "2506"]
[BlackElo "2428"]
[Annotator "ChessBase"]
[PlyCount "74"]
[EventDate "2019.12.03"]
[EventType "swiss"]
[EventCountry "ESP"]
[SourceTitle "playchess.com"]
[Source "ChessBase"]
[SourceQuality "1"]
[TimeControl "40/5400+30:1800+30"]

1. Nf3 {[%emt 0:00:04]} d5 {[%emt 0:00:00]} 2. c4 {[%emt 0:00:10]} c6 {[%emt 0:00:00]} 3. e3 {[%emt 0:00:16]} Nf6 {[%emt 0:00:02]} 4. Nc3 {[%emt 0:00:10]} a6 {[%emt 0:01:56]} 5. a4 {[%emt 0:02:17]} a5 {[%emt 0:03:07]} 6. cxd5 {[%emt 0:04:08]} cxd5 {[%emt 0:01:21]} 7. Bb5+ {[%emt 0:00:13]} Nc6 {[%emt 0:00:58]} 8. Ne5 {[%emt 0:03:53]} Bd7 {[%emt 0:01:28]} 9. Nxd7 {[%emt 0:00:44]} Qxd7 {[%emt 0:00:31]} 10. O-O {[%emt 0:00:27]} e6 {[%emt 0:01:28]} 11. d4 {[%emt 0:05:13]} Bb4 {[%emt 0:01:22]} 12. Na2 {[%emt 0:06:20]} Bd6 {[%emt 0:01:32]} 13. Bd2 {[%emt 0:01:08]} O-O {[%emt 0:00:40]} 14. Nc1 {[%emt 0:05:57]} Qc7 {[%emt 0:02:42]} 15. h3 {[%emt 0:02:52]} Qb6 {[%emt 0:02:01]} 16. Nb3 {[%emt 0:02:22]} Rfc8 {[%emt 0:03:01]} 17. Qe2 {[%emt 0:02:48]} Ne4 {[%emt 0:02:22]} 18. Rfc1 {[%emt 0:12:14]} Nxd2 {[%emt 0:01:24]} 19. Qxd2 {[%emt 0:01:20]} Bb4 {[%emt 0:01:18]} 20. Qd1 {[%emt 0:04:08]} Ne7 {[%emt 0:03:49]} 21. Rxc8+ {[%emt 0:00:36]} Rxc8 {[%emt 0:00:13]} 22. Rc1 {[%emt 0:00:07]} g6 {[%emt 0:02:51]} 23. Rc2 {[%emt 0:01:30]} Rxc2 {[%emt 0:00:54]} 24. Qxc2 {[%emt 0:00:06]} Qd8 {[%emt 0:00:20]} 25. Nc1 {[%emt 0:02:11]} Qc8 {[%emt 0:03:08]} 26. Qd1 Bd6 {[%emt 0:00:52]} 27. Nd3 {[%emt 0:00:45]} b6 {[%emt 0:00:51]} 28. Qd2 {[%emt 0:00:41]} Qc7 {[%emt 0:00:46]} 29. b4 {[%emt 0:02:06]} axb4 {[%emt 0:00:48]} 30. Nxb4 {[%emt 0:00:07]} Bxb4 {[%emt 0:00:47]} 31. Qxb4 {[%emt 0:00:04]} Nf5 {[%emt 0:00:23]} 32. Bd3 {[%emt 0:01:57]} Nd6 {[%emt 0:00:46]} 33. g3 {[%emt 0:01:25]} Qc1+ {[%emt 0:00:15]} 34. Kg2 {[%emt 0:00:04]} Qc7 {[%emt 0:00:06]} 35. Kg1 {[%emt 0:00:07]} Qc1+ {[%emt 0:00:07]} 36. Kg2 {[%emt 0:00:04]} Qc7 {[%emt 0:00:07]} 37. Kg1 {[%emt 0:00:04]} Qc1+ {[%emt 0:00:08]} 1/2-1/2

[Event "elllobregat Open-A 2019"]
[Site "El Prat de Llobregat"]
[Date "2019.12.08"]
[Round "6.13"]
[White "Iniyan, P."]
[Black "Jerez Perez, Alfonso"]
[Result "1-0"]
[WhiteElo "2497"]
[BlackElo "2369"]
[Annotator "ChessBase"]
[PlyCount "79"]
[EventDate "2019.12.03"]
[EventType "swiss"]
[EventCountry "ESP"]
[SourceTitle "playchess.com"]
[Source "ChessBase"]
[SourceQuality "1"]
[TimeControl "40/5400+30:1800+30"]

1. d4 {[%emt 0:00:00]} Nf6 {[%emt 0:02:26]} 2. c4 {[%emt 0:00:00]} g6 {[%emt 0:00:14]} 3. f3 {[%emt 0:00:00]} d5 {[%emt 0:02:12]} 4. cxd5 {[%emt 0:00:00]} Nxd5 {[%emt 0:00:04]} 5. e4 {[%emt 0:00:06]} Nb6 {[%emt 0:00:04]} 6. Nc3 {[%emt 0:00:08]} Bg7 {[%emt 0:00:27]} 7. Be3 {[%emt 0:00:05]} O-O {[%emt 0:00:13]} 8. Qd2 {[%emt 0:00:02]} e5 {[%emt 0:00:34]} 9. d5 c6 {[%emt 0:00:20]} 10. h4 {[%emt 0:00:08]} cxd5 {[%emt 0:00:59]} 11. exd5 {[%emt 0:06:27]} N8d7 {[%emt 0:00:20]} 12. h5 Nf6 13. hxg6 {[%emt 0:00:13]} fxg6 {[%emt 0:00:23]} 14. O-O-O {[%emt 0:00:05]} Bd7 {[%emt 0:00:15]} 15. Kb1 {[%emt 0:00:10]} Rc8 {[%emt 0:00:20]} 16. Ka1 {[%emt 0:01:11]} Na4 {[%emt 0:00:48]} 17. Nge2 {[%emt 0:18:26]} e4 {[%emt 0:07:07]} 18. Bd4 {[%emt 0:02:38]} exf3 19. gxf3 {[%emt 0:00:01]} Qa5 {[%emt 0:11:32]} 20. Nxa4 {[%emt 0:01:05]} Qxd2 {[%emt 0:05:59]} 21. Rxd2 {[%emt 0:00:11]} Bxa4 {[%emt 0:00:04]} 22. Bh3 {[%emt 0:00:25]} Rcd8 {[%emt 0:01:20]} 23. Nf4 {[%emt 0:04:00]} Bd7 {[%emt 0:03:22]} 24. Be6+ {[%emt 0:00:02]} Bxe6 {[%emt 0:00:16]} 25. Nxe6 {[%emt 0:00:08]} Rxd5 {[%emt 0:02:02]} 26. Nxf8 {[%emt 0:00:12]} Bxf8 {[%emt 0:00:48]} 27. Rhd1 {[%emt 0:01:35]} Rf5 {[%emt 0:00:22]} 28. Bxa7 {[%emt 0:00:16]} Rxf3 {[%emt 0:00:28]} 29. Rd8 {[%emt 0:00:04]} h5 {[%emt 0:01:11]} 30. Rb8 h4 {[%emt 0:01:55]} 31. Rxb7 {[%emt 0:08:47]} h3 32. a4 {[%emt 0:10:25]} Rf4 {[%emt 0:08:22]} 33. b3 {[%emt 0:00:42]} h2 {[%emt 0:10:28]} 34. Rh1 {[%emt 0:01:19]} Ng4 {[%emt 0:16:21]} 35. a5 {[%emt 0:00:12]} Bg7+ 36. Kb1 {[%emt 0:02:55]} Re4 {[%emt 0:00:47]} 37. a6 Re2 {[%emt 0:00:14]} 38. Rxg7+ {[%emt 0:00:32]} Kxg7 {[%emt 0:00:06]} 39. Bd4+ {[%emt 0:00:06]} Kf7 {[%emt 0:00:08]} 40. Rf1+ {[%emt 0:00:00]} 1-0

[Event "elllobregat Open-A 2019"]
[Site "El Prat de Llobregat"]
[Date "2019.12.08"]
[Round "6.14"]
[White "Erenberg, Ariel"]
[Black "Low, Zhen Yu Cyrus"]
[Result "1/2-1/2"]
[WhiteElo "2479"]
[BlackElo "2420"]
[Annotator "ChessBase"]
[PlyCount "38"]
[EventDate "2019.12.03"]
[EventType "swiss"]
[EventCountry "ESP"]
[SourceTitle "playchess.com"]
[Source "ChessBase"]
[SourceQuality "1"]
[TimeControl "40/5400+30:1800+30"]

1. c4 {[%emt 0:00:00]} Nf6 {[%emt 0:00:10]} 2. Nf3 {[%emt 0:00:44]} g6 {[%emt 0:00:07]} 3. Nc3 {[%emt 0:00:06]} d5 {[%emt 0:00:11]} 4. cxd5 Nxd5 {[%emt 0:00:06]} 5. Qb3 {[%emt 0:00:06]} Nb6 {[%emt 0:00:10]} 6. d4 {[%emt 0:00:20]} Bg7 {[%emt 0:00:07]} 7. Bf4 {[%emt 0:00:24]} Be6 {[%emt 0:00:11]} 8. Qa3 {[%emt 0:00:04]} Nc6 {[%emt 0:00:12]} 9. e3 {[%emt 0:00:26]} a5 {[%emt 0:00:05]} 10. Bb5 {[%emt 0:02:52]} O-O {[%emt 0:00:08]} 11. Bxc6 {[%emt 0:00:05]} bxc6 {[%emt 0:00:05]} 12. O-O {[%emt 0:10:21]} Nc4 {[%emt 0:01:10]} 13. Qc5 {[%emt 0:01:06]} Nxb2 {[%emt 0:00:07]} 14. Qxc6 {[%emt 0:01:24]} Nd3 {[%emt 0:00:07]} 15. Bg3 {[%emt 0:08:12]} Nb4 {[%emt 0:00:30]} 16. Qc5 {[%emt 0:03:19]} Na6 {[%emt 0:01:40]} 17. Qc6 {[%emt 0:09:26]} Nb4 {[%emt 0:16:18]} 18. Qc5 {[%emt 0:00:32]} Na6 {[%emt 0:01:31]} 19. Qc6 {[%emt 0:05:36]} Nb4 {[%emt 0:00:10]} 1/2-1/2

[Event "elllobregat Open-A 2019"]
[Site "El Prat de Llobregat"]
[Date "2019.12.08"]
[Round "6.15"]
[White "Perez Mitjans, Orelvis"]
[Black "Rathanvel, V S"]
[Result "1/2-1/2"]
[WhiteElo "2412"]
[BlackElo "2410"]
[Annotator "NA"]
[PlyCount "46"]
[EventDate "2019.12.03"]
[EventType "swiss"]
[EventCountry "ESP"]
[SourceTitle "playchess.com"]
[Source "ChessBase"]
[SourceQuality "1"]
[TimeControl "40/5400+30:1800+30"]

1. e4 {[%emt 0:00:00]} c5 2. Nf3 {[%emt 0:00:00]} d6 {[%emt 0:00:00]} 3. Bb5+ {[%emt 0:00:00]} Nd7 {[%emt 0:00:02]} 4. d4 cxd4 {[%emt 0:00:07]} 5. Qxd4 {[%emt 0:00:04]} a6 {[%emt 0:00:36]} 6. Bxd7+ {[%emt 0:00:09]} Bxd7 {[%emt 0:00:28]} 7. Nc3 {[%emt 0:00:11]} e5 {[%emt 0:03:07]} 8. Qd3 {[%emt 0:00:03]} h6 {[%emt 0:00:51]} 9. Nd2 {[%emt 0:01:33]} Rc8 {[%emt 0:03:44]} 10. O-O {[%emt 0:00:41]} Qc7 {[%emt 0:04:49]} 11. a4 {[%emt 0:00:42]} Nf6 {[%emt 0:00:51]} 12. Rd1 {[%emt 0:00:12]} Bg4 {[%emt 0:02:43]} 13. f3 {[%emt 0:00:17]} Be6 {[%emt 0:00:02]} 14. Nf1 {[%emt 0:00:17]} Be7 {[%emt 0:00:11]} 15. Ne3 {[%emt 0:00:17]} O-O {[%emt 0:00:32]} 16. Bd2 {[%emt 0:02:29]} Rfd8 {[%emt 0:04:20]} 17. Kh1 {[%emt 0:03:11]} d5 {[%emt 0:23:32]} 18. exd5 {[%emt 0:16:03]} Bb4 {[%emt 0:04:35]} 19. Qe2 {[%emt 0:12:03]} Bxc3 {[%emt 0:00:19]} 20. Bxc3 {[%emt 0:00:08]} Nxd5 {[%emt 0:00:54]} 21. Nxd5 {[%emt 0:00:15]} Rxd5 {[%emt 0:14:10]} 22. Rxd5 {[%emt 0:01:20]} Bxd5 {[%emt 0:00:02]} 23. Rd1 {[%emt 0:03:44]} Bc6 {[%emt 0:00:50]} 1/2-1/2

[Event "elllobregat Open-A 2019"]
[Site "El Prat de Llobregat"]
[Date "2019.12.08"]
[Round "6.16"]
[White "Karthikeyan, Murali"]
[Black "Cruz, Filemon"]
[Result "1/2-1/2"]
[WhiteElo "2611"]
[BlackElo "2329"]
[Annotator "ChessBase"]
[PlyCount "66"]
[EventDate "2019.12.03"]
[EventType "swiss"]
[EventCountry "ESP"]
[SourceTitle "playchess.com"]
[Source "ChessBase"]
[SourceQuality "1"]
[TimeControl "40/5400+30:1800+30"]

1. e4 {[%emt 0:00:29]} c6 {[%emt 0:01:27]} 2. d4 {[%emt 0:00:38]} d5 {[%emt 0:00:13]} 3. Nc3 {[%emt 0:01:14]} dxe4 {[%emt 0:00:29]} 4. Nxe4 {[%emt 0:00:06]} Bf5 {[%emt 0:01:27]} 5. Ng3 {[%emt 0:08:51]} Bg6 {[%emt 0:00:28]} 6. h4 {[%emt 0:00:22]} h6 {[%emt 0:00:25]} 7. Nh3 {[%emt 0:03:34]} Nf6 {[%emt 0:03:08]} 8. Nf4 {[%emt 0:00:09]} Bh7 {[%emt 0:00:21]} 9. Bc4 {[%emt 0:00:54]} e6 {[%emt 0:02:08]} 10. c3 {[%emt 0:15:33]} Bd6 {[%emt 0:03:46]} 11. Nfh5 {[%emt 0:06:46]} O-O {[%emt 0:03:35]} 12. Bd3 {[%emt 0:03:07]} Bxd3 {[%emt 0:09:03]} 13. Qxd3 {[%emt 0:12:05]} Nbd7 {[%emt 0:03:20]} 14. Bd2 {[%emt 0:15:09]} Bxg3 {[%emt 0:01:50]} 15. Nxg3 {[%emt 0:00:05]} c5 {[%emt 0:01:14]} 16. O-O-O {[%emt 0:04:13]} Rc8 {[%emt 0:02:27]} 17. Kb1 {[%emt 0:01:08]} Qc7 {[%emt 0:01:09]} 18. Bg5 {[%emt 0:03:40]} Qc6 {[%emt 0:15:15]} 19. f3 {[%emt 0:02:33]} b5 {[%emt 0:16:17]} 20. dxc5 {[%emt 0:00:44]} Nxc5 {[%emt 0:02:43]} 21. Qd4 {[%emt 0:03:35]} Ncd7 {[%emt 0:03:37]} 22. Bc1 {[%emt 0:04:35]} a5 {[%emt 0:01:06]} 23. Qd6 {[%emt 0:05:39]} Qb7 {[%emt 0:00:17]} 24. a3 {[%emt 0:01:51]} Rc6 {[%emt 0:00:22]} 25. Qd4 {[%emt 0:00:12]} Rc4 {[%emt 0:00:19]} 26. Qd3 {[%emt 0:00:28]} Qc7 {[%emt 0:06:23]} 27. Qd6 {[%emt 0:01:17]} Qb7 {[%emt 0:00:14]} 28. Qd3 {[%emt 0:02:19]} Rfc8 {[%emt 0:02:49]} 29. Ne4 {[%emt 0:00:15]} Nxe4 {[%emt 0:01:08]} 30. Qxd7 {[%emt 0:00:01]} R4c7 {[%emt 0:00:39]} 31. Qd4 {[%emt 0:00:15]} Rc4 {[%emt 0:01:28]} 32. Qd7 {[%emt 0:00:20]} R4c7 {[%emt 0:00:32]} 33. Qd4 {[%emt 0:00:03]} Rc4 {[%emt 0:00:46]} 1/2-1/2

[Event "elllobregat Open-A 2019"]
[Site "El Prat de Llobregat"]
[Date "2019.12.08"]
[Round "6.17"]
[White "Gukesh D"]
[Black "Alinasab, Mobina"]
[Result "1-0"]
[WhiteElo "2547"]
[BlackElo "2324"]
[Annotator "TA"]
[PlyCount "167"]
[EventDate "2019.12.03"]
[EventType "swiss"]
[EventCountry "ESP"]
[SourceTitle "playchess.com"]
[Source "ChessBase"]
[SourceQuality "1"]

{[%evp 9,167,3,23,0,17,0,0,0,5,0,4,7,5,0,2,9,15,0,0,0,37,20,27,36,36,37,25,17,22,19,43,33,32,44,46,30,41,8,32,23,17,16,160,162,162,162,154,164,154,164,150,145,174,174,174,171,155,162,313,295,301,307,308,308,262,185,189,0,326,323,326,312,258,184,246,246,245,246,246,246,246,245,238,224,224,224,224,216,208,201,185,50,92,50,50,45,53,63,64,45,45,45,218,218,1936,1696,1611,1571,12844,12832,12834,12842,12824,12834,12827,12847,12840,12835,6664,7127,5685,298,396,291,53,8,8,0,316,316,29969,29968,29969,29968,29973,29974,29977,29978,29985,29976,29975,29974,29973,29974,29974,29969,29976,29977,29982,29983,29983,29984,29984,29985,29985,29985,29985,29981,29986,141]} 1. c4 e6 2. Nf3 Nf6 3. Nc3 d5 4. e3 Be7 5. b3 b6 (5... dxc4 6. bxc4 c5 7. g3 b6 8. Bg2 Bb7 9. O-O O-O 10. Bb2 Nc6 11. Qe2 Qd7 12. Rad1 Rad8 13. d4 cxd4 14. exd4 Na5 15. d5 Qc8 16. Ne5 exd5 17. Nxd5 Nxd5 18. Bxd5 Bxd5 19. cxd5 {½-½ (41) Wei,Y (2736)-Nakamura,H (2761) Abidjan 2019}) 6. Bb2 {A17: English Opening: 1...Nf6 with ...Bb4} Bb7 7. cxd5 exd5 8. d4 {The position is equal.} Nbd7 {[%cal Bb8d7,Bd7f6,Bf6e4][%mdl 32]} 9. g3 O-O 10. Bg2 Ne4 11. O-O Nxc3 12. Bxc3 Nf6 13. Qc2 Ne4 14. Bb2 c5 $146 ({Predecessor:} 14... Bd6 15. Ne5 c5 16. dxc5 Rc8 17. c6 Bxe5 18. Bxe5 Bxc6 {1-0 (39) Rahman,Z (2485)-Srujan,K (1813) Bhubaneswar 2019}) 15. Rfd1 Rc8 {next ...cxd4 is good for Black.} 16. dxc5 Rxc5 17. Qd3 Bf6 18. Nd4 Qc8 19. Rac1 {With the idea Ba3.} Rd8 20. b4 Rxc1 $1 21. Rxc1 Qd7 22. Qa3 a6 23. Ne2 Qf5 24. Nf4 d4 25. exd4 Bxd4 (25... g5 $11 {remains equal.} 26. Nh3 h6) 26. Bxd4 $16 Rxd4 {[#]} 27. b5 $1 {[%cal Rb5a6][%mdl 512]} g5 (27... Qxb5 $2 28. Qe7 $18) (27... axb5 28. Qe7) 28. bxa6 Bxa6 29. Qxa6 $40 {[%mdl 128] Black is in trouble.} gxf4 30. Qxb6 Rd2 31. Bxe4 $1 Qxe4 $18 {[%mdl 4096] Endgame KQR-KQR} 32. Qf6 Rc2 {[%cal Rc2c1]} 33. Rd1 Rd2 $2 (33... Rc8 34. Qg5+ (34. gxf4 Re8 $16) (34. Qxf4 Qxf4 35. gxf4 Ra8 $16) 34... Kh8 35. gxf4 (35. Qxf4 Qxf4 36. gxf4 Ra8 $16) 35... Ra8 36. Qf6+ Kg8 37. Rd8+ Rxd8 38. Qxd8+ Kg7 39. Qg5+ Kf8) 34. Qg5+ (34. Rxd2 Qe1+ 35. Kg2 Qxd2 $16) 34... Kh8 {[%cal Rd2d1]} 35. Rxd2 {Intending Rd8+ and mate.} Qe1+ 36. Kg2 {White wants to mate with Rd8+.} Qxd2 {KQ-KQ} 37. Qe5+ (37. Qxf4 $6 Qxa2 38. Qd4+ Kg8 $16) 37... Kg8 38. Qg5+ $2 (38. Qb8+ $18 Kg7 39. Qe5+ (39. gxf4 Qxa2 40. Qe5+ f6 $16) (39. Qxf4 Qd5+ 40. Qf3 Qxa2 $16) 39... Kg8 40. Qg5+ (40. gxf4 Qxa2 41. f5 Qc2 $16) 40... Kf8 41. Qc5+ (41. gxf4 Qxa2 42. Qc5+ Kg8 $16) (41. Qxf4 Qd5+ 42. Qf3 Qxa2 $16) 41... Kg7 42. Qc4) 38... Kf8 $2 {[%mdl 8192]} (38... Kh8 $1 $11 39. Qxf4 Qxa2 40. Qd4+ Kg8) 39. Qc5+ $1 (39. gxf4 Qxa2 40. Qc5+ Kg7 $16) ({Less strong is} 39. Qxf4 Qd5+ 40. Qf3 Qxa2 $16) 39... Kg8 40. Qc8+ Kg7 41. Qa8 h5 (41... Qc2 $142 42. a4 (42. gxf4 Qg6+ 43. Kf3 Qh5+ 44. Ke3 Qc5+ 45. Kf3 Qh5+ 46. Kg3 Qg6+ 47. Kf3 Qd3+ 48. Kg4 Qg6+ 49. Kf3 $11) 42... h5) 42. a3 fxg3 43. hxg3 Qg5 44. Qe4 Qa5 45. a4 Qc5 46. Kg1 Qc1+ 47. Kh2 $1 Qc5 48. Kg2 Qa5 49. Kh3 Qc5 50. f4 ({White should try} 50. Qe3 $18 Qd5 51. Kh2) 50... Qc8+ 51. Kh2 Qc1 52. Qe5+ f6 53. Qe7+ Kg6 54. Qe4+ Kg7 55. f5 {Black must now prevent Qe7+.} Qc3 $2 {[#]} ({Better is} 55... Kf8 $14) 56. a5 $1 {[%cal Ra5a6][%mdl 512] Hoping for a6.} Qb2+ $2 (56... h4 57. gxh4 Kf8 58. Qa8+ Kg7 59. Qg2+ Kf8) (56... Qxa5 57. Qe7+) 57. Kh3 Qa1 {[#]} 58. Kh4 $1 Kh6 59. Qe3+ Kg7 60. Qe7+ Kh6 61. Qf8+ Kh7 62. Qf7+ {[%mdl 64] Double Attack} Kh8 63. Qxh5+ Kg7 64. Qg4+ Kh8 65. Kh5 $2 (65. Qe4 Kh7 66. Kh5 Qd1+ 67. g4) 65... Qxa5 66. Kg6 {Qh4+ would kill now.} Qc7 67. Qh4+ (67. Qf4 $5 {[%cal Rf4c7]} Qg7+ 68. Kh5 $16) 67... Kg8 {( -> ...Qf7+)} 68. Kxf6 Qd6+ $2 {[%mdl 8192]} (68... Qb6+ $11 {and Black stays safe.} 69. Kg5 Kg7) 69. Kg5 Qe5 $2 (69... Qd8+ $18 70. f6 Qc7) 70. Qf4 {White mates.} Qg7+ 71. Kh4 Qh7+ 72. Kg4 Qb7 73. Qe5 Kh7 74. Kg5 Qf7 75. Qe6 Qc7 76. Qg6+ Kh8 77. Kh6 {[%cal Rg6e8]} Qf4+ 78. Qg5 Qc7 79. Qf6+ Kg8 80. Qg6+ Kf8 81. f6 Qf4+ 82. Qg5 Qd6 83. Qg7+ Ke8 {[#]} 84. Qe7+ $1 {Accuracy: White = 65%, Black = 53%.} 1-0